| Tag |
First Indicator |
Second Indicator |
Subfields |
| LEADER |
00000cam a2200000 4500 |
| 001 |
in00000060297 |
| 005 |
20151008051621.0 |
| 008 |
790306s1949 ii a 00000 eng |
| 010 |
|
|
|a 50014424
|
| 035 |
|
|
|a (OCoLC)04717764
|
| 035 |
|
|
|9 AAG8992AM
|
| 040 |
|
|
|a DLC
|c GAT
|d TXA
|d UtOrBLW
|
| 049 |
|
|
|a TXAM
|c [181373]
|
| 050 |
|
0 |
|a HB236.A3
|b K7
|
| 082 |
0 |
|
|a 338.526
|
| 092 |
|
|
|a 338.526
|b K92p
|
| 100 |
1 |
|
|a Krishnamurti, B. V.
|
| 245 |
1 |
0 |
|a Pricing in planned economy.
|
| 264 |
|
1 |
|a [Bombay, New York] :
|b Indian Branch, Oxford University Press,
|c [1949]
|
| 300 |
|
|
|a vi, 139 pages :
|b diagrams ;
|c 23 cm.
|
| 336 |
|
|
|a text
|b txt
|2 rdacontent
|
| 337 |
|
|
|a unmediated
|b n
|2 rdamedia
|
| 338 |
|
|
|a volume
|b nc
|2 rdacarrier
|
| 490 |
1 |
|
|a University of Bombay publications. Economics series, no. 3
|
| 650 |
|
0 |
|a Price regulation.
|
| 830 |
|
0 |
|a University of Bombay publications.
|p Economic series ;
|v no. 3.
|
| 999 |
|
|
|a MARS
|
| 999 |
f |
f |
|s 26ecb08d-2692-3604-a312-f35995d8e7cf
|i 981776a3-dc3b-3fa9-bd4a-a52572721a12
|t 0
|
| 952 |
f |
f |
|p ric
|a Texas A&M University
|b Rellis Campus
|c Joint Library Facility
|d Remote Storage
|t 0
|e HB236.A3 K7
|h Library of Congress classification
|i unmediated -- volume
|m A14800768582
|
| 998 |
f |
f |
|a HB236.A3 K7
|t 0
|l Remote Storage
|